Webová e-learningová aplikácia pre kontajnerizáciu

Saved in:
Bibliographic Details
Main Author: Baranovič, Ján (Author)
Other Authors: Beňo, Lukáš (Thesis advisor)
Format: Manuscript Book
Language:Slovak
Published: Bratislava : STU v Bratislave FEI, 2023
Subjects:
Online Access:https://opac.crzp.sk/?fn=detailBiblioFormChildMQA65&sid=925BFB95FAA30F229095CA019F0C&seo=CRZP-detail-kniha
Tags: Add Tag
No Tags, Be the first to tag this record!

MARC

LEADER 00000ntm a22000003a 4500
001 stuzp91778
003 SK-STU
005 20241106134125.9
007 ta
008 150427s2015----xo-----f-mn---000-0-slo-d
040 |a STU  |b slo 
041 0 |a slo 
044 |a xo 
100 1 |a Baranovič, Ján  |u 030400  |4 aut  |U FEI Fakulta elektrotechniky a informatiky  |T FEI Ústav automobilovej mechatroniky  |X 96662  |U E400  |Y 642  |7 96662 
242 0 1 |a Web e-learning application for containerisation  |y eng 
245 1 0 |a Webová e-learningová aplikácia pre kontajnerizáciu 
260 |a Bratislava :  |b STU v Bratislave FEI,  |c 2023 
300 |a 59 s., príl. 
650 4 |a E-learning  |2 slo 
650 4 |a Kontajnerizácia  |2 slo 
650 4 |a Virtuálny stroj  |2 slo 
650 4 |a Docker  |2 slo 
650 4 |a Webová aplikácia  |2 slo 
650 4 |a E-learning  |2 eng 
650 4 |a Containerization  |2 eng 
650 4 |a Virtual machine  |2 eng 
650 4 |a Web application  |2 eng 
650 4 |a Docker  |2 eng 
700 1 |a Beňo, Lukáš  |u 030400  |k Z8  |4 ths  |U FEI Fakulta elektrotechniky a informatiky  |T FEI Ústav automobilovej mechatroniky  |X 72774  |U E400  |Y 642  |7 72774 
856 4 |u https://opac.crzp.sk/?fn=detailBiblioFormChildMQA65&sid=925BFB95FAA30F229095CA019F0C&seo=CRZP-detail-kniha